[Event "Munich Whitsun op-A 3rd"]
[Site "Munich"]
[Date "2025.06.12"]
[Round "7"]
[White "Kobo, Ori"]
[Black "Alvarez Serrano, Carlos"]
[Result "1-0"]
[WhiteElo "2493"]
[BlackElo "2153"]
[PlyCount "91"]
[EventDate "2025.06.08"]
[EventType "swiss"]
[EventRounds "9"]
[EventCountry "GER"]
[SourceTitle "CB26_2025"]
[SourceDate "2025.06.25"]
[SourceVersion "1"]
[SourceVersionDate "2025.06.25"]
[SourceQuality "1"]

1. d4 d5 2. Nf3 e6 3. e3 Nf6 4. Bd3 Be7 5. Nbd2 b6 6. e4 dxe4 7. Nxe4 Bb7 8. Nxf6+ Bxf6 9. 0-0 Nc6 10. c3 0-0 11. Bf4 Ne7 12. Qe2 Ng6 13. Bg3 Qe7 14. Be4 c6 15. Rfe1 Rac8 16. h4 Bxh4 17. Nxh4 Nxh4 18. Bxh7+ Kxh7 19. Qh5+ Kg8 20. Bxh4 f6 21. Re3 Qf7 22. Qe2 Rfe8 23. Re1 c5 24. dxc5 Rxc5 25. Rxe6 Rxe6 26. Qxe6 Qxe6 27. Rxe6 Re5 28. Rxe5 fxe5 29. Bg3 e4 30. Kf1 Bd5 31. b3 b5 32. Bc7 Kf7 33. Ke2 Ke6 34. Ke3 Kd7 35. Ba5 Kc6 36. g3 a6 37. Kf4 Kd6 38. Bb6 g6 39. Kg5 Bf7 40. Kf6 Be8 41. Ba5 Kd5 42. Bb4 e3 43. fxe3 Ke4 44. Ke7 Bc6 45. Kd6 Be8 46. c4 1-0

[Event "EU-ch 25th"]
[Site "Eforie Nord"]
[Date "2025.03.24"]
[Round "9"]
[White "Neverov, Valeriy"]
[Black "Kobo, Ori"]
[Result "1/2-1/2"]
[WhiteElo "2418"]
[BlackElo "2525"]
[PlyCount "83"]
[EventDate "2025.03.15"]
[EventType "swiss"]
[EventRounds "11"]
[EventCountry "ROU"]
[SourceTitle "CB13_2025"]
[SourceDate "2025.03.26"]
[SourceVersion "1"]
[SourceVersionDate "2025.03.26"]
[SourceQuality "1"]

1. d4 d6 2. e4 Nf6 3. Nc3 g6 4. Nf3 Bg7 5. Be3 a6 6. h3 0-0 7. e5 Nfd7 8. exd6 exd6 9. a4 b6 10. Bc4 Nf6 11. 0-0 Bb7 12. d5 Re8 13. Re1 Nbd7 14. Qd2 Ne5 15. Nxe5 Rxe5 16. Bd4 Rxe1+ 17. Rxe1 Qf8 18. Ne4 Nd7 19. Ng5 Ne5 20. Ba2 h6 21. f4 hxg5 22. fxe5 dxe5 23. Bxe5 Qc5+ 24. Qf2 Re8 25. Qxc5 bxc5 26. Bg3 Rxe1+ 27. Bxe1 Bxb2 28. Bg3 c6 29. d6 Bc8 30. Bc4 Kf8 31. d7 Bxd7 32. Bxa6 Ke7 33. Bb7 Bd4+ 34. Kh2 Kd8 35. a5 Bc8 36. Bxc6 Bc3 37. Bd6 Bxa5 38. Bxc5 Be6 39. Be3 f6 40. Be4 Bf7 41. Bd4 Ke7 42. g4 1/2-1/2

[Event "EU-ch 25th"]
[Site "Eforie Nord"]
[Date "2025.03.18"]
[Round "4"]
[White "Ciocani, Iosif"]
[Black "Kobo, Ori"]
[Result "0-1"]
[WhiteElo "2171"]
[BlackElo "2525"]
[PlyCount "60"]
[EventDate "2025.03.15"]
[EventType "swiss"]
[EventRounds "11"]
[EventCountry "ROU"]
[SourceTitle "CB13_2025"]
[SourceDate "2025.03.26"]
[SourceVersion "1"]
[SourceVersionDate "2025.03.26"]
[SourceQuality "1"]

1. e4 e6 2. d4 d5 3. e5 c5 4. c3 Nc6 5. Nf3 Bd7 6. Be2 Nge7 7. 0-0 Ng6 8. Be3 Be7 9. Nbd2 0-0 10. a3 a5 11. Bd3 cxd4 12. cxd4 a4 13. Re1 h6 14. h3 Be8 15. Nf1 Na5 16. Ng3 b5 17. Nd2 Nc4 18. Nxc4 bxc4 19. Bc2 Bg5 20. Nh5 Bxe3 21. Rxe3 Rb8 22. Rb1 Qh4 23. Rg3 Kh8 24. Re3 Bd7 25. g3 Qxh3 26. Qf3 Kg8 27. Rc3 Bc6 28. Re3 Rb6 29. Rc3 Nxe5 30. Nf6+ gxf6 0-1

[Event "Titled Tuesday intern op 11th Mar Early"]
[Site "Chess.com INT"]
[Date "2025.03.11"]
[Round "6"]
[White "Marra, Eduardo da Costa"]
[Black "Kobo, Ori"]
[Result "1/2-1/2"]
[WhiteElo "2223"]
[BlackElo "2525"]
[PlyCount "97"]
[EventDate "2025.03.11"]
[EventType "swiss (blitz)"]
[EventRounds "11"]
[EventCountry "USA"]
[SourceTitle "CB12_2025"]
[SourceDate "2025.03.19"]
[SourceVersion "1"]
[SourceVersionDate "2025.03.19"]
[SourceQuality "1"]

1. e4 e5 2. Nf3 Nc6 3. Bb5 a6 4. Ba4 b5 5. Bb3 Na5 6. d4 exd4 7. 0-0 Bb7 8. Re1 Nxb3 9. axb3 c5 10. c3 d6 11. cxd4 Be7 12. Nc3 Nf6 13. d5 0-0 14. Bf4 Re8 15. h3 Bf8 16. Qd3 b4 17. Nb1 a5 18. Nbd2 Ba6 19. Nc4 Nd7 20. Qc2 Bxc4 21. bxc4 Qf6 22. Bg3 g6 23. Re2 Qd8 24. e5 dxe5 25. Nxe5 Nxe5 26. Bxe5 Qd7 27. b3 Ra6 28. Ra4 f6 29. Ba1 Rxe2 30. Qxe2 Kf7 31. Ra2 Ra8 32. Qg4 Qxg4 33. hxg4 Bd6 34. g3 Be5 35. Bxe5 fxe5 36. Kf1 Ke7 37. Ke2 Kd6 38. Kd3 Ra7 39. Ke4 h6 40. f3 Ra8 41. Ra1 Ra7 42. Ra2 Ra8 43. Ra4 Ra7 44. Ra1 Ra8 45. Ra2 Ra7 46. Ra4 Ra8 47. Ra2 Ra7 48. Ra4 Ra8 49. Ra2 1/2-1/2

[Event "Titled Tuesday intern op 11th Mar Early"]
[Site "Chess.com INT"]
[Date "2025.03.11"]
[Round "7"]
[White "O'Gorman, Tom"]
[Black "Kobo, Ori"]
[Result "0-1"]
[WhiteElo "2391"]
[BlackElo "2525"]
[PlyCount "156"]
[EventDate "2025.03.11"]
[EventType "swiss (blitz)"]
[EventRounds "11"]
[EventCountry "USA"]
[SourceTitle "CB12_2025"]
[SourceDate "2025.03.19"]
[SourceVersion "1"]
[SourceVersionDate "2025.03.19"]
[SourceQuality "1"]

1. c4 g6 2. g3 Bg7 3. Bg2 Nf6 4. Nf3 0-0 5. 0-0 d6 6. Nc3 c6 7. Rb1 d5 8. cxd5 cxd5 9. b4 d4 10. Na4 d3 11. Bb2 dxe2 12. Qxe2 Bf5 13. Rbe1 Bd3 14. Qxe7 Bxf1 15. Kxf1 Qxe7 16. Rxe7 Nc6 17. Rxb7 Rab8 18. Rxb8 Rxb8 19. a3 Nd7 20. Bxg7 Kxg7 21. d4 a5 22. d5 Nce5 23. Nxe5 Nxe5 24. bxa5 Ra8 25. Nc3 Rxa5 26. a4 Rc5 27. Nb5 Rc2 28. d6 Kf8 29. Nd4 Rd2 30. Nc6 Nxc6 31. Bxc6 Rxd6 32. Bb5 Rd1+ 33. Kg2 Ra1 34. h4 Ke7 35. Kf3 Kf6 36. Ke3 Ke5 37. Be8 Ra3+ 38. Ke2 f6 39. Bc6 h6 40. Kf1 Ra2 41. Kg2 Ra3 42. Be8 g5 43. hxg5 fxg5 44. Bc6 Kd6 45. Bb5 Kc5 46. Kh3 Ra2 47. f3 Kd4 48. Kg4 Ke5 49. Kh5 Rh2+ 50. Kg6 Rh3 51. g4 Rxf3 52. Kxh6 Kf4 53. Bd7 Rh3+ 54. Kg6 Rd3 55. Bf5 Rd6+ 56. Kh5 Ra6 57. Bd7 Ra7 58. Bb5 Rh7+ 59. Kg6 Ra7 60. Kh5 Rh7+ 61. Kg6 Rh2 62. Bd7 Rd2 63. Bf5 Ra2 64. Bd7 Ra3 65. Kf6 Rd3 66. Bf5 Rd6+ 67. Ke7 Ra6 68. Bc2 Kxg4 69. Kd7 Kf4 70. Kc7 g4 71. Kb7 Ra5 72. Kb6 Ra8 73. Bb3 g3 74. Bd5 Rd8 75. Bg2 Rd2 76. Bh3 Rh2 77. Bf1 Kf3 78. a5 Kf2 0-1

[Event "ISR-chT"]
[Site "Israel"]
[Date "2025.02.07"]
[Round "5.2"]
[White "Kobo, Ori"]
[Black "Givon, Asaf"]
[Result "1/2-1/2"]
[WhiteElo "2534"]
[BlackElo "2419"]
[PlyCount "152"]
[EventDate "2025.01.08"]
[EventType "team-tourn"]
[EventRounds "11"]
[EventCountry "ISR"]
[SourceTitle "CB08_2025"]
[SourceDate "2025.02.19"]
[SourceVersion "1"]
[SourceVersionDate "2025.02.19"]
[SourceQuality "1"]
[WhiteTeam "Beer Sheva"]
[BlackTeam "Kfar Saba II"]
[WhiteTeamCountry "ISR"]
[BlackTeamCountry "ISR"]

1. Nf3 c5 2. c4 Nf6 3. Nc3 e6 4. g3 d5 5. cxd5 exd5 6. d4 Nc6 7. a3 cxd4 8. Nxd4 Bd6 9. Bg2 Be5 10. Nf3 Bxc3+ 11. bxc3 Ne4 12. 0-0 0-0 13. c4 Qf6 14. cxd5 Qxa1 15. dxc6 Re8 16. Ng5 Nxg5 17. Bxg5 Qb2 18. Qb1 Qxb1 19. Rxb1 bxc6 20. Bxc6 Ba6 21. Bxa8 Rxa8 22. Rb2 h6 23. Be3 Bc4 24. f3 a6 25. Kf2 Rc8 26. g4 Bb5 27. Bd2 Rc4 28. h3 h5 29. g5 Bd7 30. Kg3 h4+ 31. Kg2 Be6 32. g6 fxg6 33. Rb6 Bf5 34. Rxa6 Rc2 35. Rd6 Kf7 36. a4 Ra2 37. a5 Ke7 38. Rd4 Kf7 39. Kh2 Be6 40. Kg2 Bc8 41. Rd8 Be6 42. Bb4 g5 43. Rd2 Rxd2 44. Bxd2 Bc4 45. e4 Kf6 46. Kf2 Ba6 47. Bc3+ Kf7 48. Bd2 Kf6 49. Bb4 Bc8 50. Kg2 Kf7 51. Bd6 Ke6 52. Bc7 Ke7 53. Bb6 Bb7 54. Be3 Kf6 55. Bd4+ Kf7 56. Be5 Bc8 57. Bh2 Bb7 58. Bc7 Ke7 59. Bb6 Bc8 60. Bg1 Bb7 61. Be3 Kf6 62. e5+ Kxe5 63. Bxg5 Kd5 64. Bxh4 Kc6 65. Be1 g6 66. Kg3 Ba6 67. Kf2 Bc8 68. h4 Kb5 69. Ke3 Bf5 70. Kf4 Bb1 71. Kg5 Ka6 72. f4 Bc2 73. f5 Bxf5 74. h5 gxh5 75. Kxf5 h4 76. Bxh4 Kxa5 1/2-1/2

[Event "ISR-ch"]
[Site "Eilat"]
[Date "2025.01.28"]
[Round "9"]
[White "Bronstein, Or"]
[Black "Kobo, Ori"]
[Result "1-0"]
[WhiteElo "2452"]
[BlackElo "2539"]
[PlyCount "83"]
[EventDate "2025.01.20"]
[EventType "swiss"]
[EventRounds "9"]
[EventCountry "ISR"]
[SourceTitle "CB05_2025"]
[SourceDate "2025.01.29"]
[SourceVersion "1"]
[SourceVersionDate "2025.01.29"]
[SourceQuality "1"]

1. d4 Nf6 2. c4 e6 3. Nf3 d5 4. Nc3 Nbd7 5. cxd5 exd5 6. Qc2 Bb4 7. Bf4 Ne4 8. e3 g5 9. Be5 Nxe5 10. Nxe5 Qe7 11. Bd3 Bxc3+ 12. bxc3 f6 13. Nf3 Bf5 14. 0-0 0-0 15. c4 dxc4 16. Qxc4+ Be6 17. d5 Nd6 18. Qc5 b6 19. Qc6 Bd7 20. Qc3 h5 21. Rac1 h4 22. Qd4 Rac8 23. e4 Nf7 24. Qe3 c5 25. dxc6 Rxc6 26. Rxc6 Bxc6 27. Rc1 Bb7 28. Nd4 Qe5 29. g3 hxg3 30. hxg3 Rd8 31. Nc6 Bxc6 32. Rxc6 Rd6 33. Rc8+ Kg7 34. Bc4 Rd1+ 35. Kg2 Rd8 36. Rc6 Re8 37. Bd5 Re7 38. Qa3 Rc7 39. Re6 Qd4 40. Re7 Rc2 41. Rxf7+ Kg6 42. Qf3 1-0

[Event "ISR-ch"]
[Site "Eilat"]
[Date "2025.01.27"]
[Round "8"]
[White "Kobo, Ori"]
[Black "Gorshtein, Ido"]
[Result "0-1"]
[WhiteElo "2539"]
[BlackElo "2565"]
[PlyCount "238"]
[EventDate "2025.01.20"]
[EventType "swiss"]
[EventRounds "9"]
[EventCountry "ISR"]
[SourceTitle "CB05_2025"]
[SourceDate "2025.01.29"]
[SourceVersion "1"]
[SourceVersionDate "2025.01.29"]
[SourceQuality "1"]

1. d4 Nf6 2. c4 e6 3. g3 Bb4+ 4. Nd2 0-0 5. Bg2 d5 6. Ngf3 b6 7. 0-0 Bb7 8. a3 Be7 9. cxd5 exd5 10. b4 a5 11. b5 c6 12. Qa4 cxb5 13. Qxb5 Ba6 14. Qb2 Nbd7 15. Ne5 b5 16. Nc6 Qe8 17. Nxa5 Nb6 18. Nf3 Na4 19. Qc2 Rc8 20. Qf5 Nc3 21. Bd2 Bd8 22. Nb3 Nxe2+ 23. Kh1 Qe4 24. Qh3 Qc2 25. Nc5 Ra8 26. Nxa6 Rxa6 27. Rfe1 Re8 28. Bf1 Rae6 29. Be3 Nc3 30. Rec1 Qb2 31. Ng5 R6e7 32. Qf5 h6 33. Qc2 Qxc2 34. Rxc2 Rxe3 35. fxe3 Rxe3 36. Rac1 Ba5 37. Nh3 Nfe4 38. Nf2 f5 39. Kg2 Kh7 40. Nd3 g5 41. Rb2 h5 42. Ne5 Bb6 43. Bxb5 Bxd4 44. Nf3 Bf6 45. Bd7 Kg6 46. Re1 d4 47. Rxe3 dxe3 48. Be8+ Kh6 49. Ng1 f4 50. gxf4 gxf4 51. Rb6 e2 52. Nxe2 Nxe2 53. Kf3 N2c3 54. Bc6 Bd4 55. Rb4 Ng5+ 56. Kxf4 Ne2+ 57. Kf5 Bc5 58. Rc4 Nd4+ 59. Kf6 Nxc6 60. h4 Bd4+ 61. Kf5 Ne7+ 62. Kf4 Ne6+ 63. Kf3 Kg6 64. a4 Kf5 65. a5 Ke5 66. a6 Kd5 67. Rb4 Nc7 68. Kf4 Nxa6 69. Rxd4+ Kxd4 70. Kg5 Ke5 71. Kxh5 Kf5 72. Kh6 Kf6 73. Kh5 Kf5 74. Kh6 Kf6 75. Kh5 Nf5 76. Kg4 Nh6+ 77. Kf4 Nc5 78. h5 Nb3 79. Ke4 Ke6 80. Kf4 Nd4 81. Ke4 Ndf5 82. Kf4 Nd6 83. Kg5 Ndf7+ 84. Kf4 Kd5 85. Kf3 Ke5 86. Ke3 Ng5 87. Kd3 Ne6 88. Ke3 Nc5 89. Kf3 Kd4 90. Ke2 Ne6 91. Kd2 Nf4 92. Kc2 Nd5 93. Kd2 Nc3 94. Kc2 Ne4 95. Kb3 Kc5 96. Ka4 Nd2 97. Ka3 Kb5 98. Kb2 Kc4 99. Ka3 Ne4 100. Kb2 Nc5 101. Kc2 Nb3 102. Kb2 Nd4 103. Ka3 Kb5 104. Kb2 Kb4 105. Ka2 Nb5 106. Kb2 Na3 107. Ka2 Nc4 108. Kb1 Kc3 109. Kc1 Nb2 110. Kb1 Nd3 111. Ka2 Kb4 112. Ka1 Ka3 113. Kb1 Kb3 114. Ka1 Nf5 115. h6 Nd4 116. h7 Nc2+ 117. Kb1 Na3+ 118. Ka1 Nb4 119. h8Q Nbc2# 0-1

[Event "ISR-ch"]
[Site "Eilat"]
[Date "2025.01.24"]
[Round "5"]
[White "Zanan, Evgeny"]
[Black "Kobo, Ori"]
[Result "1/2-1/2"]
[WhiteElo "2450"]
[BlackElo "2539"]
[PlyCount "45"]
[EventDate "2025.01.20"]
[EventType "swiss"]
[EventRounds "9"]
[EventCountry "ISR"]
[SourceTitle "CB05_2025"]
[SourceDate "2025.01.29"]
[SourceVersion "1"]
[SourceVersionDate "2025.01.29"]
[SourceQuality "1"]

1. d4 Nf6 2. c4 e6 3. g3 d5 4. Bg2 Bb4+ 5. Nd2 0-0 6. Ngf3 b6 7. 0-0 Bb7 8. Ne5 a5 9. a3 Be7 10. Qc2 c5 11. cxd5 Bxd5 12. dxc5 Bxc5 13. Ne4 Nxe4 14. Bxe4 Bxe4 15. Qxe4 Nd7 16. Bg5 Qxg5 17. Nxd7 Rfd8 18. Rfd1 Rac8 19. b4 axb4 20. axb4 Bf8 21. Nxf8 Rxf8 22. Ra7 b5 23. h4 1/2-1/2

[Event "ISR-ch"]
[Site "Eilat"]
[Date "2025.01.22"]
[Round "3"]
[White "Yaniv, Yuval"]
[Black "Kobo, Ori"]
[Result "1/2-1/2"]
[WhiteElo "2410"]
[BlackElo "2539"]
[PlyCount "132"]
[EventDate "2025.01.20"]
[EventType "swiss"]
[EventRounds "9"]
[EventCountry "ISR"]
[SourceTitle "CB05_2025"]
[SourceDate "2025.01.29"]
[SourceVersion "1"]
[SourceVersionDate "2025.01.29"]
[SourceQuality "1"]

1. e4 e5 2. Nf3 Nc6 3. Bb5 a6 4. Ba4 Nf6 5. 0-0 Be7 6. d3 b5 7. Bb3 d6 8. a3 0-0 9. Nc3 Rb8 10. h3 h6 11. Re1 Re8 12. Be3 Bf8 13. Qd2 Be6 14. Bxe6 fxe6 15. d4 exd4 16. Nxd4 Ne5 17. f4 Nc4 18. Qf2 Qd7 19. Bc1 c5 20. Nf3 d5 21. e5 Nh7 22. b3 Nb6 23. Bd2 a5 24. Kh1 a4 25. Rad1 axb3 26. cxb3 Nc8 27. Bc1 Qf7 28. Ne2 b4 29. axb4 Rxb4 30. Rd3 Rb5 31. Nh4 Be7 32. Rf1 Bxh4 33. Qxh4 Ne7 34. g4 c4 35. bxc4 dxc4 36. Rdf3 Rb3 37. Nd4 Rxf3 38. Rxf3 Ng6 39. Qf2 Qb7 40. Kh2 Nhf8 41. Ra3 Rd8 42. Be3 Qe4 43. Kg3 Ne7 44. Nb5 Rd3 45. Qf3 Qg6 46. Rxd3 Qxd3 47. Bc5 Nd5 48. Nd4 Nc3 49. Qxd3 cxd3 50. Nb3 Ng6 51. Be3 Kf7 52. Bd2 Ne4+ 53. Kf3 Nxd2+ 54. Nxd2 Nh4+ 55. Ke4 Ng2 56. f5 Ke7 57. Nf3 Ne1 58. Ke3 Ng2+ 59. Kd2 Nf4 60. h4 h5 61. gxh5 exf5 62. Nd4 Nxh5 63. Nxf5+ Ke6 64. Nxg7+ Nxg7 65. Kxd3 Kxe5 66. h5 Nxh5 1/2-1/2

[Event "ISR-ch"]
[Site "Eilat"]
[Date "2025.01.20"]
[Round "1"]
[White "Iliaguev, Nisim"]
[Black "Kobo, Ori"]
[Result "0-1"]
[WhiteElo "2399"]
[BlackElo "2539"]
[PlyCount "98"]
[EventDate "2025.01.20"]
[EventType "swiss"]
[EventRounds "9"]
[EventCountry "ISR"]
[SourceTitle "CB05_2025"]
[SourceDate "2025.01.29"]
[SourceVersion "1"]
[SourceVersionDate "2025.01.29"]
[SourceQuality "1"]

1. c4 e6 2. g3 d5 3. Bg2 d4 4. Nf3 Nc6 5. 0-0 Nh6 6. e3 Nf5 7. e4 Nfe7 8. d3 Ng6 9. h4 h5 10. Bg5 Be7 11. Na3 e5 12. Nc2 a5 13. a3 a4 14. Nb4 Nb8 15. Bxe7 Qxe7 16. Nd5 Qd8 17. c5 Nd7 18. Rc1 c6 19. Nb4 Ra5 20. Nd2 Nxc5 21. Bf3 Bh3 22. Re1 Nxh4 23. Nc4 Nxf3+ 24. Qxf3 Nb3 25. Nxa5 Qxa5 26. Qh1 Bg4 27. f3 Nxc1 28. fxg4 Na2 29. gxh5 Nxb4 30. axb4 Qxb4 31. Rf1 Qb3 32. Qh3 Qe6 33. Qh4 f6 34. Rf5 g5 35. Qg4 Ke7 36. Qe2 b5 37. g4 c5 38. Qd2 Qb6 39. Rf2 Rc8 40. Qd1 Qe6 41. Kg2 c4 42. Kg3 c3 43. bxc3 dxc3 44. h6 Rh8 45. Qc1 b4 46. Qe3 Rxh6 47. Qc5+ Qd6 48. Qa7+ Qd7 49. Qc5+ Kf7 0-1

[Event "Ramat Gan Dov Porat Blitz op"]
[Site "Ramat Gan"]
[Date "2024.11.01"]
[Round "5"]
[White "Dvoirys, Semen I"]
[Black "Kobo, Ori"]
[Result "1-0"]
[WhiteElo "2465"]
[BlackElo "2539"]
[PlyCount "87"]
[EventDate "2024.11.01"]
[EventType "swiss (blitz)"]
[EventRounds "11"]
[EventCountry "ISR"]
[SourceTitle "CB45_2024"]
[Source "ChessBase"]
[SourceDate "2024.11.06"]
[SourceVersion "1"]
[SourceVersionDate "2024.11.06"]
[SourceQuality "1"]

1. e4 e5 2. Nf3 Nc6 3. Bb5 a6 4. Ba4 Nf6 5. 0-0 Be7 6. Re1 b5 7. Bb3 0-0 8. a4 Rb8 9. axb5 axb5 10. c3 d6 11. d4 exd4 12. cxd4 d5 13. exd5 Nxd5 14. Nc3 Be6 15. h3 Qd7 16. Bg5 Bb4 17. Qc2 h6 18. Bd2 Bxc3 19. bxc3 Bf5 20. Qc1 Rfe8 21. Rxe8+ Rxe8 22. Qf1 Be4 23. Qxb5 Rb8 24. Qc4 Bxf3 25. gxf3 Nce7 26. Kg2 c6 27. Bc2 Nf5 28. Bxf5 Qxf5 29. Qxc6 Rb6 30. Qe8+ Kh7 31. Qe4 Rg6+ 32. Kh2 Qd7 33. Rg1 f5 34. Qe5 Rxg1 35. Kxg1 Kg6 36. c4 Nf6 37. d5 Qa4 38. Qd4 Qd1+ 39. Kg2 Qb3 40. Bc3 Nh5 41. d6 Qb8 42. Qe5 Qd8 43. Qe6+ Kh7 44. Qxf5+ 1-0

[Event "Ramat Gan Dov Porat Blitz op"]
[Site "Ramat Gan"]
[Date "2024.11.01"]
[Round "11"]
[White "Kobo, Ori"]
[Black "Smirin, Ilia"]
[Result "1-0"]
[WhiteElo "2539"]
[BlackElo "2574"]
[PlyCount "67"]
[EventDate "2024.11.01"]
[EventType "swiss (blitz)"]
[EventRounds "11"]
[EventCountry "ISR"]
[SourceTitle "CB45_2024"]
[Source "ChessBase"]
[SourceDate "2024.11.06"]
[SourceVersion "1"]
[SourceVersionDate "2024.11.06"]
[SourceQuality "1"]

1. e4 c5 2. Nf3 e6 3. g3 Nc6 4. Bg2 d6 5. 0-0 Nf6 6. Qe2 Be7 7. c3 e5 8. Rd1 0-0 9. d4 cxd4 10. cxd4 Bg4 11. dxe5 Nxe5 12. h3 Nxf3+ 13. Bxf3 Bxh3 14. e5 Nd7 15. exd6 Bf6 16. Nc3 Re8 17. Be3 Bxc3 18. bxc3 Rc8 19. Bxb7 Rxc3 20. Rac1 Rxc1 21. Rxc1 Ne5 22. Qb5 Bd7 23. Qd5 h5 24. Bd4 Qg5 25. Be3 Qg6 26. Rc7 Qb1+ 27. Rc1 Qg6 28. Rc7 h4 29. Qe4 hxg3 30. Qxg6 gxf2+ 31. Bxf2 fxg6 32. Bd4 Bf5 33. Bd5+ Kh7 34. Re7 1-0

[Event "EU-Cup 39th"]
[Site "Vrnjacka Banja"]
[Date "2024.10.23"]
[Round "4.3"]
[White "Krause, Jonah"]
[Black "Kobo, Ori"]
[Result "0-1"]
[WhiteElo "2350"]
[BlackElo "2525"]
[PlyCount "98"]
[EventDate "2024.10.20"]
[EventType "team-swiss"]
[EventRounds "7"]
[EventCountry "SRB"]
[SourceTitle "CB44_2024"]
[Source "Chessbase"]
[SourceDate "2024.10.30"]
[SourceVersion "1"]
[SourceVersionDate "2024.10.30"]
[SourceQuality "1"]
[WhiteTeam "St Pauli"]
[BlackTeam "Beer Sheva"]
[WhiteTeamCountry "GER"]
[BlackTeamCountry "ISR"]

1. d4 Nf6 2. c4 e6 3. Nf3 Bb4+ 4. Bd2 a5 5. a3 Bxd2+ 6. Qxd2 b6 7. Nc3 Bb7 8. e3 d6 9. Be2 Nbd7 10. 0-0 Ne4 11. Nxe4 Bxe4 12. b4 0-0 13. Qc3 Qf6 14. Nd2 Bb7 15. Bf3 Bxf3 16. Nxf3 Ra7 17. h3 Rfa8 18. Rfd1 Qf5 19. b5 Re8 20. Rac1 Raa8 21. Qc2 Qxc2 22. Rxc2 Rac8 23. Kf1 f5 24. Ke2 Kf7 25. g4 fxg4 26. hxg4 Kg8 27. g5 c6 28. bxc6 Rxc6 29. d5 exd5 30. Rxd5 Ne5 31. Nxe5 Rxe5 32. Rxe5 dxe5 33. Kd3 Kf7 34. Rb2 Kg6 35. Rb5 Kxg5 36. Rxe5+ Kg4 37. Re4+ Kf5 38. Rf4+ Kg5 39. Rf7 Kg6 40. Rb7 h5 41. e4 h4 42. Ke3 Kh6 43. Kf3 g5 44. e5 Kg6 45. c5 bxc5 46. Ke4 c4 47. Kd5 c3 48. Rb1 c2 49. Rc1 Rc8 0-1

[Event "Ramat Gan Dov Porat Rapid op"]
[Site "Ramat Gan"]
[Date "2024.10.15"]
[Round "5"]
[White "Kobo, Ori"]
[Black "Shohat, Yotam"]
[Result "1/2-1/2"]
[WhiteElo "2525"]
[BlackElo "2415"]
[PlyCount "155"]
[EventDate "2024.10.14"]
[EventType "swiss (rapid)"]
[EventRounds "9"]
[EventCountry "ISR"]
[SourceTitle "CB43_2024"]
[Source "Chessbase"]
[SourceDate "2024.10.23"]
[SourceVersion "1"]
[SourceVersionDate "2024.10.23"]
[SourceQuality "1"]

1. Nf3 Nf6 2. d4 g6 3. g3 Bg7 4. Bg2 0-0 5. 0-0 d6 6. Re1 Ne4 7. a4 a5 8. c3 c6 9. Nbd2 Nxd2 10. Bxd2 e5 11. dxe5 dxe5 12. Qc1 Be6 13. Bh6 Nd7 14. Bxg7 Kxg7 15. Qe3 f6 16. Red1 Qe7 17. b4 Rfd8 18. Rdb1 axb4 19. cxb4 Bd5 20. Nd2 Bxg2 21. Kxg2 Nb6 22. Nb3 Nd5 23. Qc5 Kf7 24. e4 Nc7 25. Qc4+ Qe6 26. Qc3 Qe7 27. Nc5 Ne6 28. a5 Nd4 29. Qc4+ Kg7 30. Rd1 Rd6 31. Rd3 Rad8 32. a6 bxa6 33. Rxa6 g5 34. Qa2 Nb5 35. Ne6+ Kh6 36. Nxd8 Rxd3 37. Nxc6 Qb7 38. Qa5 Nd6 39. Qb6 Qxb6 40. Rxb6 Kg7 41. f3 h5 42. Ne7 Rd2+ 43. Kg1 Kf7 44. Nd5 Nc4 45. Rxf6+ Kg7 46. Rc6 Nb2 47. Rc7+ Kg6 48. Rc6+ Kg7 49. Rc1 Nd3 50. Rb1 g4 51. fxg4 hxg4 52. Ne3 Nf2 53. Kf1 Nxe4 54. Nxg4 Kf8 55. Re1 Rd4 56. Nxe5 Rxb4 57. Nd3 Rd4 58. Nf2 Nf6 59. Re2 Kf7 60. Kg2 Kg6 61. h3 Ra4 62. Nd3 Ra3 63. Nf4+ Kf5 64. Rf2 Rxg3+ 65. Kxg3 Ne4+ 66. Kf3 Nxf2 67. h4 Ng4 68. Nd3 Ne5+ 69. Nxe5 Kxe5 70. Kg4 Kf6 71. Kh5 Kg7 72. Kg5 Kh7 73. h5 Kg7 74. h6+ Kh7 75. Kh5 Kh8 76. Kg6 Kg8 77. h7+ Kh8 78. Kh6 1/2-1/2

[Event "Ramat Gan Dov Porat Rapid op"]
[Site "Ramat Gan"]
[Date "2024.10.15"]
[Round "7"]
[White "Uritsky, Yonathan"]
[Black "Kobo, Ori"]
[Result "1-0"]
[WhiteElo "2307"]
[BlackElo "2525"]
[PlyCount "89"]
[EventDate "2024.10.14"]
[EventType "swiss (rapid)"]
[EventRounds "9"]
[EventCountry "ISR"]
[SourceTitle "CB43_2024"]
[Source "Chessbase"]
[SourceDate "2024.10.23"]
[SourceVersion "1"]
[SourceVersionDate "2024.10.23"]
[SourceQuality "1"]

1. e4 e6 2. b3 c5 3. Bb2 Nc6 4. Nf3 a6 5. c4 Nf6 6. e5 Ng4 7. h3 Nh6 8. Bd3 d5 9. exd6 f6 10. 0-0 Qxd6 11. Bc2 Bd7 12. d4 cxd4 13. Nxd4 0-0-0 14. Nxc6 Bxc6 15. Qe2 Re8 16. Nc3 Qf4 17. Be4 Bxe4 18. Nxe4 Qc7 19. c5 Kb8 20. Rfd1 e5 21. Rac1 Qc6 22. Rd6 Bxd6 23. cxd6 Qb5 24. Qd2 Rc8 25. Rxc8+ Kxc8 26. Nxf6 gxf6 27. Qxh6 Qd7 28. Qxf6 Rg8 29. Kh2 e4 30. Be5 e3 31. fxe3 Kb8 32. Qf3 Ka8 33. e4 Re8 34. Bg3 h5 35. Qf4 Qe6 36. e5 Qd5 37. h4 Rg8 38. Qf3 Qe6 39. Qe3 Re8 40. Qd4 Kb8 41. Qb6 Rg8 42. Qc7+ Ka7 43. d7 Qg4 44. Bf2+ Ka8 45. d8Q+ 1-0

[Event "Ramat Gan Dov Porat Rapid op"]
[Site "Ramat Gan"]
[Date "2024.10.15"]
[Round "6"]
[White "Vagman, Roy"]
[Black "Kobo, Ori"]
[Result "1-0"]
[WhiteElo "2324"]
[BlackElo "2525"]
[PlyCount "89"]
[EventDate "2024.10.14"]
[EventType "swiss (rapid)"]
[EventRounds "9"]
[EventCountry "ISR"]
[SourceTitle "CB43_2024"]
[Source "Chessbase"]
[SourceDate "2024.10.23"]
[SourceVersion "1"]
[SourceVersionDate "2024.10.23"]
[SourceQuality "1"]

1. e4 e6 2. d4 d5 3. e5 c5 4. c3 Qa5 5. dxc5 Qc7 6. Nf3 Bxc5 7. Bd3 Nc6 8. Qe2 Nge7 9. Bf4 f5 10. h4 h6 11. h5 g5 12. hxg6 Nxg6 13. Bg3 a6 14. Nbd2 Qg7 15. Nb3 Ba7 16. 0-0-0 Bb8 17. Rde1 b5 18. Nbd4 Nce7 19. Nh4 Bd7 20. Qh5 Kd8 21. Nhxf5 exf5 22. Bxf5 Nxf5 23. Nxf5 Bxf5 24. Qxf5 Rf8 25. Qd3 Ne7 26. Bh4 Kc8 27. Bf6 Rxf6 28. exf6 Qxf6 29. Qh7 Bf4+ 30. Kc2 Ra7 31. Re2 Rd7 32. g3 Bd6 33. Rxh6 Qf3 34. Qd3 Qf7 35. Rh7 Qf6 36. f4 Rc7 37. a4 d4 38. axb5 axb5 39. Qxb5 dxc3 40. Qa6+ Kd7 41. Rexe7+ Qxe7 42. Rxe7+ Kxe7 43. bxc3 Bb4 44. Qe2+ Kf8 45. Qe5 1-0

[Event "Ramat Gan Dov Porat Rapid op"]
[Site "Ramat Gan"]
[Date "2024.10.14"]
[Round "3"]
[White "Kobo, Ori"]
[Black "Rechlis, Gad"]
[Result "1-0"]
[WhiteElo "2525"]
[BlackElo "2459"]
[PlyCount "91"]
[EventDate "2024.10.14"]
[EventType "swiss (rapid)"]
[EventRounds "9"]
[EventCountry "ISR"]
[SourceTitle "CB43_2024"]
[Source "Chessbase"]
[SourceDate "2024.10.23"]
[SourceVersion "1"]
[SourceVersionDate "2024.10.23"]
[SourceQuality "1"]

1. e4 d6 2. d4 Nf6 3. Nc3 g6 4. Nf3 Bg7 5. Be3 0-0 6. Qd2 a6 7. 0-0-0 b5 8. Bd3 Nc6 9. e5 Ng4 10. Be4 Bb7 11. h3 Nxe3 12. Qxe3 e6 13. h4 dxe5 14. Nxe5 Nxe5 15. dxe5 Qb8 16. h5 b4 17. Ne2 Bxe4 18. Qxe4 Qb5 19. f4 Rad8 20. hxg6 hxg6 21. Nd4 Qc4 22. b3 Qc3 23. Kb1 Rd5 24. Ne2 Qc5 25. Rxd5 Qxd5 26. Qxd5 exd5 27. Rd1 c6 28. Nd4 Rc8 29. Nf3 Kf8 30. Rd4 a5 31. a3 Rb8 32. axb4 axb4 33. Ne1 Ke8 34. Nd3 Bf8 35. c3 bxc3 36. Kc2 Kd7 37. Kxc3 Ke6 38. Ra4 Rb7 39. Ra6 Rc7 40. g4 Kd7 41. Kd4 Rb7 42. Kc3 c5 43. Rf6 Ke8 44. Rc6 Kd7 45. Rxc5 d4+ 46. Kc4 1-0